000 00951nam a2200325Ia 4500
003 OSt
005 20220912145325.0
006 a|||||r|||| 00| 0
007 ta
008 220909b |||||||| |||| 00| 0 eng d
020 _a9783527316724 (hbd)
024 _a80669
037 _b402, 17/03/2008, Ashutosh Technical Books
037 _cTextbook
040 _aCSL
_beng
_cCSL
041 _aeng
082 _aE:88, P3;P7 TE
100 _aChorkendorff I
245 0 _aConcepts of modern catalysis and kinetics
250 _a2
260 _aWeinheim Wiley
_bVCH
_c2007
300 _axx,457p.
_ccm.
500 _aAppendix A-B 447-448p; Indec 451-457p
650 _a Catalysis
650 _a Kinetics
650 _aChemistry
700 _a Niemantsverdriet J W
942 _hE:88, P3;P7 TE
_cTB
_2CC
999 _c28950
_d28950